London City Airport Destinations (London, UK) - Map - Statistics

General Stats
  • This quiz has been taken 71 times
  • The average score is 24 of 32
Answers on the Map
Answers color-coded by a green-red scale on the quiz's map according to % correct below.
 
Answer Stats
Destination % Correct
Dublin
100%
Edinburgh
98%
Amsterdam
96%
Berlin
96%
Madrid
96%
Belfast (City)
94%
Glasgow
94%
Rotterdam/The Hague
94%
Barcelona
92%
Geneva
92%
Nice
92%
Frankfurt
88%
Milan (Linate)
88%
Zürich
88%
Isle of Man
87%
Luxembourg
85%
Florence
79%
Ibiza
77%
Málaga
77%
Palma de Mallorca
77%
Split
77%
Thessaloniki
77%
Vilnius
77%
Faro
71%
Innsbruck
69%
Guernsey
65%
San Sebastián
46%
Olbia
37%
Skiathos
27%
Toulon
27%
Chambéry
25%
Bergerac
21%
No matching quizzes found
Score Distribution
Percent of People with Each Score
Percentile by Number Answered
Your Score History
You have not taken this quiz